Raz si hore..

Bibliographic Details
Main Author: Lehotská, Eva (Author)
Format: Article
Language:Slovak
PhysicalDescription:Literárna príloha Smena, č. 31, s. /5/.
Subjects:

MARC

LEADER 00000nab a2200000 a 4500
001 vtls000113174
003 SK-MaSNL
005 20260303024123.0
008 111104c1982 xo 0 slo
015 |a SNBRB19rr/mm-uuuuu 
035 |a CL0123277 
040 |a SNKBUCL  |b slo  |c SNKBUCL  |e AACR2 
041 0 |a slo 
044 |a xo  |c SK 
080 |a 885.4-3  |2 1981 
100 1 |a Lehotská, Eva  |4 aut  |9 839685 
245 1 0 |a Raz si hore..  |c Eva Lehotská 
300 |b Literárna príloha Smena, č. 31, s. /5/. 
650 0 7 |a humoresky  |2 snkbucl  |9 73390 
655 7 |a články z novín a časopisov  |2 snkbucl  |9 267496 
655 7 |a články z odboru literárna veda a krásna literatúra  |2 snkbucl  |9 770045 
773 0 |t Smena  |g Roč. 35, č. 73 (27. 3. 1982) 
850 |a Slovenská národná knižnica v Martine  |a MTA001 
852 |a SNK  |b KIS3GCP 
958 |a RK 
958 |a LX 
992 |a RBX 
999 |c 1638457  |d 1640387